Marx: Releer El Capital

Bewaard in:
Bibliografische gegevens
Hoofdauteur: Fischbach, Frank (Auteur)
Formaat: Boek
Taal:Spaans
Gepubliceerd in: Madrid Akal 2012
Editie:1a. ed
Reeks:Akal Pensamiento Crítico
Onderwerpen:
Tags: Voeg label toe
Geen labels, Wees de eerste die dit record labelt!

MARC

LEADER 00000cam a2200000 a 4500
001 UCD8896
003 CL-VaPUC
005 20241212091200.0
008 170527e20120000sp |||||||||||||||||spa|d
999 |c 368202  |d 368200 
020 |a 9788446032618 
040 |c Pontificia Universidad Católica de Valparaíso 
082 0 4 |a 335.4  |b FIS  |2 21 
100 0 |a Fischbach, Frank  |e author  |9 592471 
245 1 0 |a Marx: Releer El Capital 
250 |a 1a. ed 
260 |a Madrid  |b Akal  |c 2012 
300 |a 156 p 
490 0 |a Akal Pensamiento Crítico 
583 |a last modification  |c 20170527 00:32:00  |k Rodrigo Vera 
600 0 |a Marx, Karl Heinrich,  |d 1818-1883  |9 861123 
650 7 |a FILOSOFIA POLITICA  |2 CL-VaPUC  |9 592472 
650 0 |a Economía   |9 255568 
650 0 |a Capitalismo  |9 255255 
942 |c BK  |2 ddc 
945 |d 20170527 00:32:00  |a arojas 
952 |0 0  |1 0  |3 erb  |4 0  |6 335_400000000000000_FIS_2012  |7 0  |8 A  |9 483473  |a BIBEDU  |b BIBEDU  |i 5377730  |o 335.4 FIS 2012  |p 5377730  |r 2019-11-24  |w 2019-11-24  |y BK  |z Catalogado en:20170527  |k FIL